Beginning data science in R 4 :data analysis, visualization, and modelling for the data scientist / (Record no. 4392)

000 -LEADER
fixed length control field 02092cam a22004217i 4500
001 - CONTROL NUMBER
control field 19507005
003 - CONTROL NUMBER IDENTIFIER
control field OSt
005 - DATE AND TIME OF LATEST TRANSACTION
control field 20250210132755.0
008 - FIXED-LENGTH DATA ELEMENTS--GENERAL INFORMATION
fixed length control field 170221t20172017caua 001 0 eng d
010 ## - LIBRARY OF CONGRESS CONTROL NUMBER
LC control number 2017934529
020 ## - INTERNATIONAL STANDARD BOOK NUMBER
International Standard Book Number 9781484281543
020 ## - INTERNATIONAL STANDARD BOOK NUMBER
International Standard Book Number 9781484226704
020 ## - INTERNATIONAL STANDARD BOOK NUMBER
International Standard Book Number 9781484226711
Qualifying information ebook
020 ## - INTERNATIONAL STANDARD BOOK NUMBER
International Standard Book Number 1484226712
Qualifying information ebook
035 ## - SYSTEM CONTROL NUMBER
System control number (OCoLC)ocn967549169
040 ## - CATALOGING SOURCE
Original cataloging agency YDX
Language of cataloging eng
Transcribing agency YDX
Description conventions rda
Modifying agency BTCTA
-- JRZ
-- BDX
-- OCLCF
-- HF9
-- SINLB
-- CDN
-- IGA
-- DLC
042 ## - AUTHENTICATION CODE
Authentication code lccopycat
050 00 - LIBRARY OF CONGRESS CALL NUMBER
Classification number QA276.45.R3M349 2022
082 04 - DEWEY DECIMAL CLASSIFICATION NUMBER
Classification number 001.42
Edition number 23
100 1# - MAIN ENTRY--PERSONAL NAME
Personal name Mailund, Thomas,
Relator term author.
245 10 - TITLE STATEMENT
Title Beginning data science in R 4 :data analysis, visualization, and modelling for the data scientist /
Statement of responsibility, etc Thomas Mailund.
260 ## - PUBLICATION, DISTRIBUTION, ETC. (IMPRINT)
Place of publication, distribution, etc USA
Name of publisher, distributor, etc Apress
Date of publication, distribution, etc 2022
300 ## - PHYSICAL DESCRIPTION
Extent xxviiI, 511 pages :
Other physical details illustrations ;
Dimensions 26 cm
500 ## - GENERAL NOTE
General note Includes index.
505 0# - FORMATTED CONTENTS NOTE
Formatted contents note Introduction to R programming -- Reproducible analysis -- Data manipulation -- Visualizing data -- Working with large datasets -- Supervised learning -- Unsupervised learning -- More R programming -- Advanced R programming -- Object oriented programming -- Building an R package -- Testing and package checking -- Version control -- Profiling and optimizing.
520 ## - SUMMARY, ETC.
Summary, etc Discover best practices for data analysis and software development in R and start on the path to becoming a fully-fledged data scientist. This book teaches you techniques for both data manipulation and visualization and shows you the best way for developing new software packages for R. -- Provided by publisher.
650 #0 - SUBJECT ADDED ENTRY--TOPICAL TERM
Topical term or geographic name as entry element R (Computer program language)
650 #0 - SUBJECT ADDED ENTRY--TOPICAL TERM
Topical term or geographic name as entry element Quantitative research.
650 #0 - SUBJECT ADDED ENTRY--TOPICAL TERM
Topical term or geographic name as entry element Computer software
General subdivision Development.
650 #7 - SUBJECT ADDED ENTRY--TOPICAL TERM
Topical term or geographic name as entry element COMPUTERS / Databases.
Source of heading or term bisacsh
650 #7 - SUBJECT ADDED ENTRY--TOPICAL TERM
Topical term or geographic name as entry element COMPUTERS / Programming Languages.
Source of heading or term bisacsh
650 #7 - SUBJECT ADDED ENTRY--TOPICAL TERM
Topical term or geographic name as entry element Computer software
General subdivision Development.
Source of heading or term fast
650 #7 - SUBJECT ADDED ENTRY--TOPICAL TERM
Topical term or geographic name as entry element Quantitative research.
Source of heading or term fast
650 #7 - SUBJECT ADDED ENTRY--TOPICAL TERM
Topical term or geographic name as entry element R (Computer program language)
Source of heading or term fast
906 ## - LOCAL DATA ELEMENT F, LDF (RLIN)
a 7
b cbc
c copycat
d 2
e epcn
f 20
g y-gencatlg
942 ## - ADDED ENTRY ELEMENTS (KOHA)
Source of classification or shelving scheme
Koha item type Book
Holdings
Withdrawn status Lost status Source of classification or shelving scheme Damaged status Not for loan Home library Current library Shelving location Date acquired Total Checkouts Full call number Barcode Date last seen Copy number Price effective from Koha item type
          Riara University Library Riara University Library General stack 10/02/2025   QA276.45.R3M349 2022 10784/25 10/02/2025 C.1 10/02/2025 Book
          Riara University Library Riara University Library General stack 10/02/2025   QA276.45.R3M349 2022 10785/25 10/02/2025 C.2 10/02/2025 Book

Riara University Library,
P.O. Box 49940-00100,
Nairobi, Kenya.